000 00602nam a2200181Ia 4500
008 190427s9999 xx 000 0 und d
100 _aYoung, Diana K
245 3 _aAn Examination of factors that influence students' IT Career decision/
245 _cDiana K. Young Darell Carpenter and Michele Maasberg.--
260 _bTaylor and Francis Group
260 _c2018
300 _apages 253-263, 2018
440 _aJournal of Computer Inforamation System
_v58(3)
650 _aCareer Optimism
650 _aCareer Planning
650 _aJob Related Beliefs
650 _aOccupational Congruence
999 _c361731
_d361731